| 000 | 00801nam a2200193 a 4500 | ||
|---|---|---|---|
| 003 | 0 | ||
| 005 | 20250602162440.0 | ||
| 008 | 021122s19uu xx 00 eng d | ||
| 050 |
_aPHS HD 9576.P5 _b.T36 2002 |
||
| 100 | _aTan, Jefferson James F. | ||
| 245 |
_aThe Effects of oil deregulation as perceived by jeepney drivers, gasoline station owners and public commuters / _cJefferson James F. Tan. |
||
| 260 |
_aLas PiƱas City, Philippines : _bSouthville International School and Colleges, _c2002. |
||
| 300 |
_aunnumbered pages : _billustrations ; _c28 cm. |
||
| 504 | _aIncludes bibliographical references. | ||
| 650 |
_aPetroleum industry and trade _xDeregulation _zPhilippines. |
||
| 650 |
_aTransportation _xEconomic aspects _zPhilippines. |
||
| 650 |
_aJeepneys _zPhilippines. |
||
| 942 |
_2lcc _cPASS |
||
| 999 |
_c96743 _d96743 |
||